000 00390pab a2200145 454500
008 180718b1988 xxu||||| |||| 00| 0 eng d
100 _aSridhar, M.J.
245 _aCase profiles of beneficiaries of IRDP in Karnataka
260 _c1988
300 _a311-21
362 _aMay
650 _aRural Development - India - Karnataka
773 _aJournal of Rural Development
909 _a17562
999 _c17562
_d17562